000 00464nam a22001697a 4500
003 SGT
020 _a9780323757898
082 _a616.025
_bR23W
100 _aWALLS. RON M.
245 _aROSEN'S EMERGENCY MEDICINE CONCPTS AND CLINICAL PRACTICE
250 _a10TH
260 _aNEW YORK
_bELSEVIER PUB
_c2023
300 _a1162, 2461
650 _aEMERGENCY MEDICINE
653 _aROSEN'S EMERGENCY MEDICINE CONCPTS AND CLINICAL PRACTICE
942 _2ddc
_cBK
999 _c30859
_d30859